[Event "Match"]
[Site "www.echecsemail.com"]
[Date "2017.03.19"]
[Round "1"]
[White "Genius9"]
[Black "Bigrezi"]
[WhiteElo "1610"]
[BlackElo "1910"]
[Result "0-1"]
[Round "1"]
1.d4 Ng8f6
2.c4 g6
3.Nb1c3 Bf8g7
4.e4 d6
5.h3 O-O
6.Bc1e3 c5
7.dxc5 dxc5
8.Qd1xd8 Rf8xd8
9.Be3xc5 e6
10.Ng1f3 b6
11.Bc5e3 Bc8b7
12.Be3g5 h6
13.Bg5xf6 Bg7xf6
14.Ra1c1 Nb8d7
15.Bf1e2 Nd7c5
16.e5 Bb7xf3
17.Be2xf3 Bf6xe5
18.O-O Ra8c8
19.b3 Rd8d2
20.Nc3e4 Nc5xe4
21.Bf3xe4 Rd2xa2
22.f4 Be5d6
23.Rc1c2 Ra2a3
24.Rc2b2 f5
25.Be4b1 Rc8d8
26.g4 Kf7
27.gxf5 { time. }
0-1

[Event "Match"]
[Site "www.echecsemail.com"]
[Date "2017.03.19"]
[Round "1"]
[White "Ericleo1980"]
[Black "Genius9"]
[WhiteElo "2180"]
[BlackElo "1610"]
[Result "1-0"]
[Round "1"]
1.e4 c6
2.d4 d5
3.Nb1c3 g6
4.e5 Bf8g7
5.Bc1e3 h5
6.Qd1d2 Ng8h6
7.Bf1d3 Nh6f5
8.Bd3xf5 Bc8xf5
9.a4 Nb8d7
10.Ng1f3 Bf5g4
11.Nf3g5 Bg4f5
12.h3 Nd7b6
13.b3 O-O
14.O-O f6
15.Ng5f3 Bf5e4
16.exf6 exf6
17.Nf3h4 Kh7
18.f3 Be4f5
{ time. }
1-0

[Event "Match"]
[Site "www.echecsemail.com"]
[Date "2017.03.19"]
[Round "1"]
[White "Genius9"]
[Black "Fangshuo"]
[WhiteElo "1610"]
[BlackElo "2070"]
[Result "0-1"]
[Round "1"]
1.d4 d5
2.c4 e6
3.Nb1c3 Bf8b4
4.e3 Bb4xc3
5.bxc3 Ng8f6
6.cxd5 exd5
7.Ng1f3 O-O
8.Bf1d3 Nf6e4
9.Bc1d2 Bc8g4
10.Bd3e2 Nb8d7
11.h3 Bg4h5
12.O-O f5
13.c4 Nd7f6
14.cxd5 Nf6xd5
15.Nf3e5 Bh5xe2
16.Qd1xe2 Rf8e8
17.Rf1c1 c5
18.Ne5f3 cxd4
19.Nf3xd4 f4
20.Rc1d1 Ne4c3
21.Bd2xc3 Nd5xc3
22.Qe2c2 Nc3xd1
23.Qc2xd1 fxe3
24.fxe3 Re8xe3
25.Qd1g4 Qd8b6
26.Kh2 Qb6c7
27.Kh1 Ra8e8
28.Ra1g1 Re3e1
29.Nd4f5 Re1xg1
30.Kxg1 Qc7c5
31.Kh2 Qc5e5
32.Kh1 g6
33.Nf5g3 Qe5a1
34.Kh2 Qa1xa2
35.Ng3h5 Qa2f7
36.Nh5g3 Qf7c7
37.h4 Qc7e5
38.h5 g5
39.Kh3 Qe5e3
40.Qg4f5 Qe3e6
41.Qf5xe6 Re8xe6
{ resign }
0-1

[Event "Match"]
[Site "www.echecsemail.com"]
[Date "2017.03.19"]
[Round "1"]
[White "Krystek23"]
[Black "Genius9"]
[WhiteElo "2360"]
[BlackElo "1610"]
[Result "1-0"]
[Round "1"]
1.Ng1f3 d5
2.d4 Ng8f6
3.g3 g6
4.Bf1g2 c6
5.b3 Bf8g7
6.O-O O-O
7.Nb1d2 Bc8g4
8.Bc1b2 Bg4xf3
9.Bg2xf3 Nb8d7
10.c4 e6
11.Qd1c2 Rf8e8
12.Rf1e1 dxc4
13.bxc4 Nd7f8
14.Ra1b1 h6
15.e4 Qd8d7
16.e5 Nf6h7
17.Bb2a3 Qd7xd4
18.Rb1xb7 Re8d8
19.Nd2b3 Qd4d3
20.Qc2xd3 Rd8xd3
21.Bf3xc6 Ra8c8
22.Bc6b5 g5
23.Rb7xa7 Nf8g6
24.c5 Ng6xe5
25.Bb5xd3 Ne5xd3
26.Re1d1 Nd3e5
27.Ra7b7 Nh7f6
28.Ba3b2 Ne5c4
29.Bb2xf6 Bg7xf6
30.a4 Nc4e5
31.a5 Ne5c4
32.a6 Nc4e5
33.a7 Ne5c6
34.Rd1d6 Bf6e5
35.Rd6xc6 Rc8xc6
{ time. }
1-0

[Event "Match"]
[Site "www.echecsemail.com"]
[Date "2017.03.19"]
[Round "1"]
[White "Momahony"]
[Black "Jjmcbride"]
[WhiteElo "1699"]
[BlackElo "1600"]
[Result "1-0"]
[Round "1"]
1.d4 d5
2.Bc1f4 e6
3.e3 g5
4.Bf4e5 f6
5.Be5g3 Ng8h6
6.Bf1d3 b6
7.Qd1e2 Bf8d6
8.Ng1f3 Bd6xg3
9.hxg3 Nh6f5
10.e4 O-O
11.exf5 exf5
12.O-O a6
13.Rf1e1 Bc8d7
14.Qe2d2 Rf8e8
15.Nb1c3 Bd7e6
16.Nc3d1 c5
17.c3 c4
18.Bd3c2 Nb8c6
19.Nd1e3 Qd8d7
20.Re1e2 Re8e7
21.Ra1e1 Ra8f8
22.Ne3xf5 Be6xf5
23.Bc2xf5 Qd7xf5
24.Re2xe7 Nc6xe7
25.Re1xe7 Qf5b1
26.Kh2 Rf8f7
27.Re7e8 Kg7
28.a3 Qb1f5
29.Qd2e2 Qf5g6
30.Qe2e6 f5
31.Qe6xg6 hxg6
32.Nf3xg5 Rf7f6
33.Re8e6 Rf6f8
34.Re6xb6 Kh6
35.f4 a5
36.Rb6b5 a4
37.Rb5xd5 Rf8b8
38.Rd5c5 Rb8xb2
39.Rc5xc4 Rb2b3
40.d5 Rb3xa3
41.d6 Ra3b3
42.d7 { resign }
1-0

[Event "Match"]
[Site "www.echecsemail.com"]
[Date "2017.03.19"]
[Round "1"]
[White "Mdesouza"]
[Black "Mechjoura"]
[WhiteElo "2320"]
[BlackElo "1809"]
[Result "1-0"]
[Round "1"]
1.e4 d5
2.exd5 Ng8f6
3.d4 Qd8xd5
4.Nb1c3 Qd5a5
5.Ng1f3 Bc8g4
6.h3 Bg4h5
7.g4  { time }
1-0

[Event "1/64 Finale"]
[Site "www.chess-mail.com"]
[Date "2017.03.19"]
[Round "1"]
[White "Picifarkinca"]
[Black "Attatroll"]
[WhiteElo "1890"]
[BlackElo "1970"]
[Result "1/2-1/2"]
[Round "1"]
1.d4 e5
2.g3 exd4
3.Qd1xd4 Nb8c6
4.Qd4d1 d5
5.Bf1g2 Ng8f6
6.Bc1g5 Bc8e6
7.c3 Bf8e7
8.Nb1d2 O-O
9.e3 Nc6e5
10.Ng1f3 Ne5xf3
11.Nd2xf3 Be6g4
12.Qd1d4 Bg4xf3
13.Bg2xf3 c5
14.Qd4d2 Qd8b6
15.O-O Ra8d8
16.Ra1d1 h6
17.Bg5xf6 Be7xf6
18.Bf3xd5 Rf8e8
19.Qd2c2 Re8e5
20.Bd5g2 Re5e8
21.b3 Rd8xd1
22.Rf1xd1 Re8d8
23.c4 Rd8xd1
24.Qc2xd1 Qb6c7
25.Qd1f3 b6
26.Qf3a8 Kh7
27.Qa8e4 { draw }
1/2-1/2

[Event "1/128 Finale"]
[Site "www.chess-mail.com"]
[Date "2017.03.19"]
[Round "1"]
[White "Chessghuttlu"]
[Black "Grimsby"]
[WhiteElo "1449"]
[BlackElo "1390"]
[Result "0-1"]
[Round "1"]
1.e4 e5
2.Ng1f3 Nb8c6
3.Bf1c4 Bf8c5
4.O-O Ng8f6
5.d3 O-O
6.a3 d6
7.h3 a6
8.Bc1g5 Nc6d4
9.Nf3xd4 Bc5xd4
 { time }
0-1

[Event "Tourn. n9257"]
[Site "www.chess-mail.com"]
[Date "2017.03.20"]
[Round "1"]
[White "Mancini"]
[Black "Pdebonis"]
[WhiteElo "2220"]
[BlackElo "2520"]
[Result "1/2-1/2"]
[Round "1"]
1.d4 d5
2.c4 dxc4
3.e4 e5
4.Ng1f3 exd4
5.Bf1xc4 Nb8c6
6.O-O Bc8e6
7.Bc4b5 Bf8c5
8.Qd1c2 Bc5b6
9.Bb5xc6 bxc6
10.Qc2xc6 Be6d7
11.Qc6c4 c5
12.Nf3e5 Bd7e6
13.Qc4b5 Be6d7
14.Qb5b3 Qd8e7
15.Ne5xd7 Qe7xd7
16.Qb3g3 Ng8e7
17.Qg3xg7 Rh8g8
18.Qg7xh7 Rg8xg2
{ draw }
1/2-1/2

[Event "Tourn. n9207"]
[Site "www.chess-mail.com"]
[Date "2017.03.20"]
[Round "1"]
[White "Albertf"]
[Black "Winston"]
[WhiteElo "1790"]
[BlackElo "1800"]
[Result "0-1"]
[Round "1"]
1.e4 e6
2.d4 d5
3.exd5 exd5
4.Nb1c3 Ng8f6
5.Bc1g5 Bf8e7
6.Ng1f3 Bc8g4
7.Qd1e2 O-O
8.O-O-O Nb8d7
9.Rd1e1 Rf8e8
10.Bg5xf6 Be7xf6
11.Qe2d2 Bg4xf3
12.gxf3 Re8xe1
13.Qd2xe1 Bf6xd4
14.Nc3xd5 Qd8g5
15.Nd5e3 Ra8e8
16.Qe1d2 Bd4xe3
17.fxe3 Qg5xe3
18.Qd2xe3 Re8xe3
19.Bf1g2 c5
20.Rh1d1 Nd7f8
21.b3 Re3e7
22.c4 h6
23.h3 Re7e2
24.Rd1d2 Re2xd2
25.Kxd2 Nf8e6
26.Ke3 f5
27.f4 b6
28.Bg2d5 Kf7
{ resign }
0-1

[Event "Tourn. n9265"]
[Site "www.chess-mail.com"]
[Date "2017.03.20"]
[Round "1"]
[White "Libiesse"]
[Black "Cal"]
[WhiteElo "1830"]
[BlackElo "1610"]
[Result "1-0"]
[Round "1"]
1.d4 d5
2.c4 dxc4
3.e3 e6
4.Bf1xc4 Nb8c6
5.Ng1f3 Ng8f6
6.Nb1c3 a6
7.e4 Bf8b4
8.O-O Bb4xc3
9.bxc3 Bc8d7
10.Bc1g5 h6
11.Bg5h4 Qd8e7
12.e5 g5
13.exf6 Qe7xf6
14.Bh4g3 O-O-O
15.Qd1d3 Qf6e7
16.Rf1e1 f6
17.Ra1b1 Rh8g8
18.Bc4xa6 Nc6a5
19.Ba6xb7 Na5xb7
20.Qd3a6 Bd7c6
21.Qa6xc6 Nb7a5
22.Qc6a8 Kd7
23.Qa8xa5 Ke8
24.Qa5b5 Kf7
25.Qb5c4 Rd8c8
26.Rb1b7 Kg6
27.Qc4d3 f5
28.Nf3e5 Kf6
29.Ne5c6 Qe7d7
30.Bg3e5 Kg6
31.Qd3c4 h5
32.Be5xc7 Rc8xc7
33.Nc6e5 Kh6
34.Rb7xc7 Qd7e8
35.Ne5f7 Kg6
36.Re1xe6 Qe8xe6
37.Qc4xe6 Kg7
38.Qe6h6 { resign }
1-0

[Event "Tourn. n9248"]
[Site "www.chess-mail.com"]
[Date "2017.03.20"]
[Round "1"]
[White "Autmich"]
[Black "Cal"]
[WhiteElo "1730"]
[BlackElo "1710"]
[Result "1-0"]
[Round "1"]
1.e4 e5
2.Ng1f3 d6
3.d4 exd4
4.Nf3xd4 c5
5.Nd4f3 h6
6.Nb1c3 Ng8f6
7.Bc1f4 Bf8e7
8.Bf1b5 Kf8
9.h3 Bc8e6
10.O-O a6
11.Bb5a4 b5
12.Ba4b3 c4
13.Rf1e1 Nf6h5
14.Bb3xc4 bxc4
15.Bf4e3 Nb8c6
16.Nf3d4 Nh5f6
17.Nd4xc6 Qd8b6
18.Be3xb6 Nf6e8
19.Nc6xe7 Kxe7
20.Nc3d5 Kf8
21.Qd1d4 Ra8b8
22.Nd5c7 Ne8xc7
23.Bb6xc7 Rb8b5
24.Qd4xd6 Kg8
25.Ra1b1 Kh7
26.Qd6xa6 Rb5c5
27.Bc7d6 Rc5g5
28.Bd6g3 Rh8c8
29.a4 Rg5g6
30.Qa6b7 Rc8g8
31.a5 Be6c8
32.Qb7xf7 Bc8e6
33.Qf7b7 Rg8f8
34.a6 Be6c8
35.Qb7c7 Bc8xa6
36.Rb1d1 Ba6b5
37.Rd1d5 Bb5a4
38.Qc7xc4 Ba4c6
39.Rd5d6 Rg6xd6
40.Bg3xd6 Bc6d7
41.Bd6xf8 h5
42.Qc4f7 Kh6
43.Qf7xd7 Kg5
44.Re1d1 g6
45.Rd1d5 Kh4
46.b4 { resign }
1-0

[Event "Tourn. n9138"]
[Site "www.chess-mail.com"]
[Date "2017.03.20"]
[Round "1"]
[White "Conde7"]
[Black "Ejner"]
[WhiteElo "2890"]
[BlackElo "2380"]
[Result "1-0"]
[Round "1"]
1.e4 e5
2.Ng1f3 Nb8c6
3.Bf1b5 a6
4.Bb5a4 Ng8f6
5.d3 b5
6.Ba4b3 Bf8e7
7.a4 b4
8.O-O d6
9.a5 O-O
10.h3 Ra8b8
11.Bc1e3 Bc8e6
12.Bb3xe6 fxe6
13.Rf1e1 Rb8b5
14.c3 bxc3
15.bxc3 d5
16.Qd1c2 Qd8d6
17.Nb1d2 Rf8b8
18.d4 exd4
19.Be3xd4 Nc6xd4
20.cxd4 dxe4
21.Nd2xe4 Nf6xe4
22.Re1xe4 Rb5b2
23.Qc2c1 c5
24.Qc1e1 cxd4
25.Re4xd4 Qd6c6
26.Ra1d1 Rb8f8
27.Rd1c1 { resign }
1-0

[Event "Tourn. n9196"]
[Site "www.chess-mail.com"]
[Date "2017.03.20"]
[Round "1"]
[White "Odin"]
[Black "Malbertan"]
[WhiteElo "1890"]
[BlackElo "2060"]
[Result "0-1"]
[Round "1"]
1.d4 Ng8f6
2.Ng1f3 c5
3.c3 Nb8c6
4.e3 e6
5.Nb1d2 d5
6.Bf1b5 Bc8d7
7.h3 Bf8d6
8.Nd2b3 c4
9.Bb5xc6 Bd7xc6
10.O-O cxb3
11.Qd1xb3 O-O
12.Qb3c2 Nf6e4
13.Nf3h2 Ra8c8
14.Nh2g4 Bc6b5
15.Rf1e1 f5
16.Ng4e5 Bd6xe5
17.dxe5 Qd8h4
18.a4 Bb5d3
19.Qc2d1 Qh4xf2
20.Kh2 Bd3c2
21.Qd1e2 Qf2g3
22.Kg1 Ne4g5
23.Bc1d2 Ng5xh3
24.Kh1 Nh3f2
25.Kg1 Bc2d3
26.Qe2f3 Qg3xf3
27.gxf3 Nf2h3
28.Kh2 Nh3g5
29.Kg3 Ng5f7
30.f4 g5
31.Re1h1 Bd3e4
32.Rh1h5 gxf4
33.Kxf4 Kh8
34.Ra1g1 Rf8g8
35.Rg1xg8 Rc8xg8
36.Rh5h4 Nf7g5
37.c4 Ng5f3
38.Bd2b4 Nf3xh4
{ resign }
0-1

[Event "Tourn. n9279"]
[Site "www.chess-mail.com"]
[Date "2017.03.20"]
[Round "1"]
[White "Guidom"]
[Black "Winston"]
[WhiteElo "2040"]
[BlackElo "1810"]
[Result "1-0"]
[Round "1"]
1.e4 e6
2.d4 d5
3.Nb1c3 Ng8f6
4.e5 Nf6d7
5.Bf1b5 Bf8b4
6.a3 Bb4xc3
7.bxc3 O-O
8.Bb5xd7 Bc8xd7
9.Ng1f3 Bd7b5
10.h4 h6
11.g4 f6
12.Bc1f4 Nb8d7
13.Qd1d2 Qd8e7
14.g5 hxg5
15.hxg5 Kf7
16.exf6 gxf6
17.Rh1h7 { resign }
1-0

[Event "Tourn. n9284"]
[Site "www.chess-mail.com"]
[Date "2017.03.20"]
[Round "1"]
[White "Mechjoura"]
[Black "Picifarkinca"]
[WhiteElo "1809"]
[BlackElo "1920"]
[Result "0-1"]
[Round "1"]
1.e4 e5
2.Ng1f3 Ng8f6
3.Nf3xe5 d6
4.Ne5f3 Nf6xe4
5.Qd1e2 Qd8e7
6.d3 Ne4f6
7.Nb1c3 Qe7xe2
 { time }
0-1

[Event "Tourn. n9261"]
[Site "www.chess-mail.com"]
[Date "2017.03.20"]
[Round "1"]
[White "Balbyns"]
[Black "Iko"]
[WhiteElo "1750"]
[BlackElo "1650"]
[Result "1-0"]
[Round "1"]
1.Ng1f3 Ng8f6
2.d4 d5
3.c3 e6
4.Nb1d2 Bf8d6
5.e3 O-O
6.Bf1d3 Bc8d7
7.O-O Nb8c6
8.Rf1e1 e5
9.e4 exd4
10.Nf3xd4 Rf8e8
11.exd5 Nf6xd5
12.Nd4f5 Bd7xf5
13.Bd3xf5 Qd8h4
14.Nd2f3 Qh4c4
15.Bf5d3 Re8xe1
16.Nf3xe1 Qc4h4
17.g3 Qh4h3
18.Bd3xh7 Qh3xh7
19.Qd1xd5 Ra8d8
20.Qd5b3 Rd8e8
21.Bc1e3 b6
22.Qb3b5 Qh7e4
23.Ne1g2 Nc6a5
24.Ra1e1 Re8e5
25.Qb5d7 Qe4c2
26.Qd7g4 Qc2xb2
27.Be3h6 g6
28.Re1xe5 Bd6xe5
29.Ng2f4 Qb2xc3
30.h4 Qc3a1
31.Kg2 Qa1xa2
32.Nf4xg6 fxg6
33.Qg4xg6 Kh8
34.Qg6e8 Kh7
35.Qe8xe5 Kxh6
36.Qe5h8 Kg6
37.h5 Kg5
38.Qh8e5 Kh6
39.g4 Qa2g8
40.Qe5f6 Kh7
41.Qf6f5 Kh6
42.Qf5f6 Kh7
43.f3 Qg8g7
44.Qf6f5 Kh6
45.Kg3 Na5c6
46.Qf5e6 Kg5
47.Qe6xc6 a5
48.f4 
1-0

[Event "Tourn. n9279"]
[Site "www.chess-mail.com"]
[Date "2017.03.20"]
[Round "1"]
[White "Picifarkinca"]
[Black "Guidom"]
[WhiteElo "1900"]
[BlackElo "2040"]
[Result "1-0"]
[Round "1"]
1.e4 e5
2.Ng1f3 Nb8c6
3.Bf1b5 a6
4.Bb5a4 Ng8f6
5.O-O d6
6.d3 Bf8e7
7.h3 Bc8d7
8.c3 b5
9.Ba4b3 O-O
10.Rf1e1 Nc6a5
11.Bb3c2 c5
12.Nb1d2 Qd8c7
13.Nd2f1 Na5c6
14.Nf1e3 Ra8d8
15.b3 a5
16.Bc1b2 h6
17.d4 cxd4
18.cxd4 Nc6b4
19.Bc2b1 Rd8c8
20.a3 exd4
21.Nf3xd4 Nb4a6
22.Qd1d3 Na6c5
23.Qd3c2 Nc5xe4
24.Qc2xc7 Rc8xc7
25.Bb1xe4 Nf6xe4
26.Ne3d5 { resign }
1-0

[Event "Tourn. n9086"]
[Site "www.chess-mail.com"]
[Date "2017.03.20"]
[Round "1"]
[White "Ozana"]
[Black "Prize640"]
[WhiteElo "2239"]
[BlackElo "2420"]
[Result "1-0"]
[Round "1"]
1.Ng1f3 Ng8f6
2.c4 g6
3.Nb1c3 d5
4.cxd5 Nf6xd5
5.Qd1a4 c6
6.Qa4d4 f6
7.e4 Nd5xc3
8.Qd4xc3 Bf8g7
9.Bf1c4 e5
10.O-O Qd8e7
11.b3 Bc8e6
12.Bc4xe6 Qe7xe6
13.Bc1a3 Bg7f8
14.Ba3xf8 Kxf8
15.Ra1d1 Kg7
16.d4 Rh8e8
17.dxe5 fxe5
18.Rd1d3 Nb8d7
19.Nf3g5 Qe6e7
20.Rf1d1 Nd7f8
21.f4 Kg8
22.Rd3d6 exf4
23.Rd6f6 Qe7e5
24.Qc3c4 { resign }
1-0

[Event "Tourn. n9233"]
[Site "www.chess-mail.com"]
[Date "2017.03.20"]
[Round "1"]
[White "Witkapje"]
[Black "Pdebonis"]
[WhiteElo "2829"]
[BlackElo "2440"]
[Result "1-0"]
[Round "1"]
1.d4 Ng8f6
2.c4 e6
3.Nb1c3 Bf8b4
4.Qd1c2 O-O
5.Ng1f3 d5
6.a3 Bb4xc3
7.Qc2xc3 dxc4
8.Qc3xc4 b6
9.Bc1g5 Bc8a6
10.Qc4a4 h6
11.Bg5h4 c5
12.dxc5 bxc5
13.Ra1d1 Qd8b6
14.Bh4xf6 gxf6
15.e3 Ba6xf1
16.Kxf1 Nb8c6
17.Rd1b1 Rf8d8
18.Ke2 f5
19.Rh1c1 e5
20.b4 e4
21.Nf3e1 c4
22.Rc1xc4 Nc6e5
23.Rc4c5 Qb6f6
24.Qa4c2 Ne5d3
25.Rc5c3 Nd3e5
26.b5 Rd8d5
27.a4 Ra8d8
28.Rc3c8 Qf6e6
29.Rc8xd8 Rd5xd8
30.h3 Ne5d3
31.Kf1 Rd8c8
32.Qc2d2 Qe6c4
33.Kg1 Nd3xe1
34.Rb1xe1 Qc4xa4
35.Qd2d5 Rc8b8
36.Re1b1 Qa4c2
37.Rb1b4 Qc2c1
38.Kh2 Qc1c7
39.g3 Qc7a5
40.Rb4b2 a6
41.Qd5d6 Qa5b6
42.Qd6e5 axb5
43.Rb2b4 Kf8
44.h4 Kg8
45.Kg2 Qb6d8
46.Qe5xf5 Qd8f8
47.Qf5xe4 Qf8c5
48.Qe4g4 Kf8
49.Rb4d4 Qc5c8
50.Qg4d1 Qc8c6
51.Kh2 Qc6e6
52.Rd4d6 Qe6f5
53.Kg1 Rb8c8
54.Rd6xh6 Kg7
55.Rh6h5 Rc8c1
56.Rh5xf5 Rc1xd1
57.Kg2 b4
58.Rf5b5 { resign }
1-0

[Event "Match"]
[Site "www.echecsemail.com"]
[Date "2017.03.20"]
[Round "1"]
[White "Llord"]
[Black "Sonfamen"]
[WhiteElo "2000"]
[BlackElo "1809"]
[Result "1-0"]
[Round "1"]
1.e4 e5
2.Ng1f3 Nb8c6
3.Bf1c4 Ng8f6
4.Nb1c3 Bf8c5
5.O-O O-O
6.Nc3d5 Nf6xe4
7.Rf1e1 Bc5xf2
8.Kh1 Bf2xe1
9.Qd1xe1 Ne4f6
10.Nd5xf6 Qd8xf6
11.d3 d6
12.Bc1g5 Qf6f5
13.h3 h6
14.Bg5h4 Nc6d4
15.Nf3xd4 exd4
16.Qe1e2 b5
17.Bc4b3 Bc8b7
18.Ra1f1 Qf5g6
19.Rf1f2 Ra8e8
20.Qe2f1 Qg6h5
21.a3 d5
22.Bh4g3 Re8e3
23.Bg3xc7 Rf8e8
24.Bc7a5 g5
25.Ba5d2 Re3e5
26.c4 bxc4
27.dxc4 dxc4
28.Bb3xc4 Re8e7
29.Bd2b4 Re7c7
30.Bb4d6 Rc7xc4
31.Bd6xe5 Bb7a6
32.Qf1e1 d3
33.Rf2d2 Rc4c2
34.Be5c3 g4
35.Qe1e8 Kh7
36.Qe8h8 Kg6
37.Qh8g7 Kf5
38.Qg7f6 Ke4
39.Qf6d4  { time }
1-0

[Event "Match"]
[Site "www.echecsemail.com"]
[Date "2017.03.20"]
[Round "1"]
[White "Cal"]
[Black "Sonfamen"]
[WhiteElo "1700"]
[BlackElo "1809"]
[Result "1-0"]
[Round "1"]
1.c4 g6
2.Nb1c3 Bf8g7
3.d4 c6
4.h3 e6
5.Ng1f3 Ng8e7
6.a3 d6
7.e4 Nb8d7
8.Bc1g5 f6
9.Bg5h4 g5
10.Bh4g3 e5
11.dxe5 dxe5
12.Bf1e2 Qd8b6
13.O-O Qb6xb2
14.Qd1d3 Nd7c5
15.Qd3e3 Nc5b3
16.Rf1b1 Qb2c2
17.Ra1a2 Qc2xb1
18.Kh2 Qb1c1
19.Qe3d3 Nb3c5
20.Qd3d6 Nc5b3
21.Qd6b4 Nb3d4
22.Nf3xd4 exd4
23.Nc3b1 a5
24.Qb4b6 O-O
25.Nb1d2 Qc1c3
26.Nd2f3  { time }
1-0

[Event "Match"]
[Site "www.echecsemail.com"]
[Date "2017.03.20"]
[Round "1"]
[White "Coraza"]
[Black "Kazooie"]
[WhiteElo "1770"]
[BlackElo "1780"]
[Result "0-1"]
[Round "1"]
1.e4 e5
2.Ng1f3 Ng8f6
3.Nf3g5 Bf8e7
4.Ng5xf7 Kxf7
5.Qd1f3 Rh8e8
6.Bf1c4 Kf8
7.Qf3b3 c6
8.Bc4f7 d5
9.Bf7xe8 Qd8xe8
10.exd5 cxd5
11.O-O Be7d6
12.Rf1e1 Nb8c6
13.c4 Nc6a5
14.Qb3c3 Na5xc4
15.d3 Nc4b6
16.Bc1g5 Qe8e7
17.d4 Bd6b4
18.Re1xe5 Bb4xc3
19.Re5xe7 Bc3xb2
20.Re7e1 Bb2xa1
21.Nb1d2 Ba1c3
22.Re1d1 Bc3xd4
23.Nd2f3 Bd4c5
24.Nf3e5 Bc8e6
25.Rd1e1 Ra8c8
26.Ne5d3 Be6f7
27.h4 d4
28.f3 Bf7xa2
29.Re1a1 Ba2c4
30.Nd3e5 Bc4a6
31.Kh1 Rc8e8
32.f4 h6
33.Bg5xf6 gxf6
34.Ne5g6 Kf7
{ resign }
0-1

[Event "Match"]
[Site "www.echecsemail.com"]
[Date "2017.03.20"]
[Round "1"]
[White "Mrynmryn"]
[Black "Paco"]
[WhiteElo "2090"]
[BlackElo "1910"]
[Result "0-1"]
[Round "1"]
1.Ng1f3 d5
2.d4 Nb8c6
3.Bc1f4 Bc8f5
4.a3 e6
5.e3 Ng8f6
6.c4 dxc4
7.Bf1xc4 Nf6e4
8.Nb1d2 Nc6a5
 { time }
0-1

[Event "Match"]
[Site "www.echecsemail.com"]
[Date "2017.03.20"]
[Round "1"]
[White "Mitja"]
[Black "Ssharp"]
[WhiteElo "1920"]
[BlackElo "2210"]
[Result "0-1"]
[Round "1"]
1.d4 d5
2.e3 e6
3.c3 Ng8f6
4.Nb1d2 c5
5.dxc5 Bf8xc5
6.Nd2b3 Bc5e7
7.Bf1d3 O-O
8.Ng1f3 Nb8c6
9.Bd3c2 e5
10.O-O h6
11.Rf1e1 Bc8g4
12.Qd1d2 Qd8c7
13.Bc2d1 Ra8d8
14.Bd1e2 a5
15.a4 Rd8d7
16.Re1d1 Rf8d8
17.h3 Bg4e6
18.Qd2c2 Nf6e4
19.Nb3d2 Ne4f6
20.Kh1 g6
21.Nf3g1 Kg7
22.Nd2f3 Be7c5
23.b3 Bc5a7
24.Bc1b2 Ba7b8
25.g3 Be6f5
26.Qc2d2 Nf6e4
27.Qd2e1 f6
28.Kg2 Bf5e6
29.c4 Nc6b4
30.Be2d3 Ne4c5
31.Bd3b1 Nc5xb3
32.Ra1a3 dxc4
33.Rd1xd7 Rd8xd7
34.Bb2c3 Nb4d3
35.Bb1xd3 Rd7xd3
36.Ra3a2 b6
37.Ra2b2 Qc7d7
38.Rb2b1 Qd7xa4
39.Rb1d1 Qa4d7
40.Rd1xd3 cxd3
41.Nf3d2 Nb3xd2
42.Qe1xd2 g5
{ resign }
0-1

[Event "Match"]
[Site "www.echecsemail.com"]
[Date "2017.03.20"]
[Round "1"]
[White "Irene"]
[Black "Coraza"]
[WhiteElo "2150"]
[BlackElo "1770"]
[Result "1-0"]
[Round "1"]
1.d4 e6
2.e4 Ng8f6
3.e5 Nf6d5
4.c4 Nd5b6
5.Bf1d3 Nb8c6
6.Ng1f3 Bf8b4
7.Nb1c3 h6
8.O-O Bb4xc3
9.bxc3 Qd8e7
10.c5 Nb6d5
11.c4 Nd5b4
12.Bd3e2 b6
13.cxb6 axb6
14.Qd1b3 Nc6a5
15.Qb3a3 Nb4c6
16.d5 Qe7xa3
17.Bc1xa3 Nc6a7
18.Rf1d1 Bc8b7
19.Ra1c1 O-O-O
20.c5 b5
21.Rc1b1 c6
22.Ba3b4 Na5c4
23.Be2xc4 bxc4
24.Bb4a5 Rd8e8
25.d6 Na7b5
26.a4 Nb5a7
27.Ba5c7 f5
28.Rb1b6 Na7b5
29.axb5 cxb5
30.Rd1a1 { resign }
1-0

[Event "Match"]
[Site "www.echecsemail.com"]
[Date "2017.03.20"]
[Round "1"]
[White "Silent1"]
[Black "Mechjoura"]
[WhiteElo "1940"]
[BlackElo "1809"]
[Result "1-0"]
[Round "1"]
1.d4 c6
2.Ng1f3 g6
3.e4 Bf8g7
4.c3 Qd8c7
5.Bf1c4 b5
6.Bc4d3 e6
7.e5 f6
8.exf6  { time }
1-0

[Event "Match"]
[Site "www.echecsemail.com"]
[Date "2017.03.20"]
[Round "1"]
[White "Coraza"]
[Black "Manuelito"]
[WhiteElo "1760"]
[BlackElo "1740"]
[Result "1-0"]
[Round "1"]
1.c4 e6
2.d4 Ng8f6
3.Nb1c3 c6
4.Bc1g5 Bf8e7
5.Bg5xf6 Be7xf6
6.Ng1f3 O-O
7.Qd1c2 d5
8.c5  { time }
1-0

[Event "Match"]
[Site "www.echecsemail.com"]
[Date "2017.03.20"]
[Round "1"]
[White "Paco"]
[Black "Kcriss"]
[WhiteElo "1910"]
[BlackElo "1810"]
[Result "1-0"]
[Round "1"]
1.e4 e5
2.Ng1f3 Ng8f6
3.Nf3xe5 d6
4.Ne5f3 Nf6xe4
5.Qd1e2 d5
6.d3 Qd8e7
7.dxe4 dxe4
8.Nf3d4  { time }
1-0

[Event "1/32 Finale"]
[Site "www.chess-mail.com"]
[Date "2017.03.20"]
[Round "1"]
[White "Ozana"]
[Black "Bronstein70"]
[WhiteElo "2450"]
[BlackElo "2390"]
[Result "0-1"]
[Round "1"]
1.f4 e5
2.fxe5 d6
3.exd6 Bf8xd6
4.Ng1f3 Ng8f6
5.Nb1c3 Nb8c6
6.d4 O-O
7.e4 Bd6b4
8.Bc1g5 h6
9.Bg5xf6 Qd8xf6
10.Bf1c4 Bc8g4
11.O-O Bg4xf3
12.Qd1xf3 Qf6xd4
{ resign }
0-1

[Event "1/64 Finale"]
[Site "www.chess-mail.com"]
[Date "2017.03.20"]
[Round "1"]
[White "Mitja"]
[Black "Ssharp"]
[WhiteElo "1910"]
[BlackElo "2210"]
[Result "0-1"]
[Round "1"]
1.g3 d5
2.Bf1g2 e5
3.d3 Ng8f6
4.e3 Bf8e7
5.c3 O-O
6.b3 c6
7.Bc1b2 Bc8g4
8.Bg2f3 Bg4e6
9.Bf3g2 Nb8d7
10.Ng1e2 Qd8c7
11.O-O Ra8d8
12.Qd1c2 h6
13.e4 dxe4
14.dxe4 Nd7c5
15.f3 Nc5d3
16.b4 Qc7b6
17.Kh1 Nd3f2
18.Kg1 Nf2h3
19.Kh1 Nh3f2
20.Kg1 Nf2g4
21.Kh1 Ng4e3
{ resign }
0-1

[Event "Tourn. n9191"]
[Site "www.chess-mail.com"]
[Date "2017.03.21"]
[Round "1"]
[White "Genius9"]
[Black "Lucaschess"]
[WhiteElo "1620"]
[BlackElo "1499"]
[Result "0-1"]
[Round "1"]
1.Ng1f3 d5
2.d4 Ng8f6
3.c4 dxc4
4.e3 e6
5.Bf1xc4 c5
6.O-O Nb8c6
7.Nb1c3 cxd4
8.exd4 Nc6e7
9.h3 a6
10.Bc1e3 b5
11.Bc4b3 Bc8b7
12.Nf3e5 Ne7d5
13.Nc3xd5 Nf6xd5
14.Qd1e2 Bf8e7
15.Ne5f3 O-O
16.Ra1c1 Ra8c8
17.Rc1xc8 Qd8xc8
18.Rf1c1 Qc8d7
19.Bb3xd5 Bb7xd5
20.Nf3e5 Qd7b7
21.f3 { time. }
0-1

[Event "Tourn. n9256"]
[Site "www.chess-mail.com"]
[Date "2017.03.21"]
[Round "1"]
[White "Picifarkinca"]
[Black "Milkyway"]
[WhiteElo "1900"]
[BlackElo "1970"]
[Result "1-0"]
[Round "1"]
1.Ng1f3 c5
2.c4 Nb8c6
3.d4 cxd4
4.Nf3xd4 g6
5.Nb1c3 Bf8g7
6.Nd4f3 d6
7.g3 Ng8f6
8.Bf1g2 O-O
9.O-O Bc8g4
10.Nf3d4 Nc6xd4
11.Qd1xd4 Bg4c8
12.Rf1d1 Bc8e6
{ time. }
1-0

[Event "Tourn. n9064"]
[Site "www.chess-mail.com"]
[Date "2017.03.21"]
[Round "1"]
[White "Genius3"]
[Black "Julian"]
[WhiteElo "1800"]
[BlackElo "1880"]
[Result "0-1"]
[Round "1"]
1.e4 c5
2.Ng1f3 d6
3.Bf1b5 Bc8d7
4.Bb5xd7 Qd8xd7
5.O-O e6
6.d4 cxd4
7.Nf3xd4 Ng8f6
8.Nb1c3 a6
9.Rf1e1 b5
10.a3 Bf8e7
11.Bc1e3 O-O
12.f3 Nb8c6
13.Nd4xc6 Qd7xc6
14.Qd1d2 Rf8d8
15.Ra1d1 Ra8c8
16.Kh1 a5
17.Be3f2 b4
18.axb4 axb4
19.Nc3e2 Qc6xc2
20.Qd2xb4 Rc8b8
21.Qb4c3 Rb8xb2
22.Qc3xc2 Rb2xc2
23.Bf2g3 d5
24.exd5 Nf6xd5
25.Ne2f4 Nd5xf4
26.Rd1xd8 Be7xd8
27.Bg3xf4 Bd8f6
28.h3 g6
29.Re1d1 Kg7
30.Rd1b1 h5
31.Rb1d1 g5
32.Bf4d6 Kg6
33.Bd6b4 Bf6e5
34.Bb4e7 f6
35.Kg1 f5
36.Rd1b1 Be5g3
37.Kf1 g4
38.fxg4 hxg4
39.hxg4 fxg4
40.Rb1b6 Kf7
41.Rb6b7 Kg6
42.Rb7b6 Kf5
43.Rb6b5 e5
44.Be7d6 Ke4
45.Rb5b4 Ke3
46.Rb4b3 Kd4
47.Rb3b4 Kc3
48.Rb4xg4 Bg3f4
49.Ke1 Kd3
50.g3 Bf4e3
51.Kf1 Rc2c1
52.Kg2 Be3d4
53.Rg4g5 Rc1g1
54.Kf3 e4
55.Kf4 { time. }
0-1

[Event "Tourn. n9253"]
[Site "www.chess-mail.com"]
[Date "2017.03.21"]
[Round "1"]
[White "Balbyns"]
[Black "Libiesse"]
[WhiteElo "1750"]
[BlackElo "1810"]
[Result "0-1"]
[Round "1"]
1.Ng1f3 d5
2.e3 e6
3.b3 Ng8f6
4.d3 c5
5.Bc1b2 Nb8c6
6.Nb1d2 Bf8e7
7.d4 cxd4
8.Nf3xd4 O-O
9.Bf1e2 Bc8d7
10.O-O a6
11.Nd2f3 Ra8c8
12.a3 b5
13.Rf1e1 Qd8b6
14.Nd4xc6 Rc8xc6
15.Nf3e5 Rc6c7
16.Be2d3 Rf8c8
17.Ra1c1 Bd7e8
18.Qd1e2 Be7d6
19.c4 Bd6xe5
20.Bb2xe5 Rc7c6
21.Be5xf6 gxf6
22.Qe2g4 Kf8
23.Bd3xh7 Ke7
24.Bh7d3 bxc4
25.bxc4 Qb6a5
26.Bd3e2 dxc4
27.Re1d1 c3
28.Qg4b4 Qa5xb4
29.axb4 Rc6b6
30.Rd1d4 c2
31.Rd4c4 Rc8xc4
32.Be2xc4 Be8a4
33.Bc4d3 Rb6d6
34.Bd3e2 Rd6d1
35.Rc1xd1 cxd1Q
36.Be2xd1 Ba4xd1
37.h4 f5
38.f3 Kf6
39.Kf2 e5
40.Ke1 Bd1a4
41.Kf2 Ke6
42.g4 fxg4
43.fxg4 Kd5
44.h5 Ba4c2
45.h6 f6
46.Kf3 Bc2e4
47.Kg3 Kc4
48.Kh4 Kxb4
49.Kh5 Kc5
50.g5 fxg5
51.Kxg5 a5
52.Kf6 Kd6
{ resign }
0-1